Railway recruitment boards : (Record no. 169508)

MARC details
000 -LEADER
fixed length control field 00546nam a22001817a 4500
005 - DATE AND TIME OF LATEST TRANSACTION
control field 20191122101715.0
010 ## - LCCN (DPL NO)
LC control number ENG-126975
020 ## - INTERNATIONAL STANDARD BOOK NUMBER
International Standard Book Number 9788126573356
Terms of availability 249.00
035 ## - SYSTEM CONTROL NUMBER
System control number EN-110507
037 ## - SOURCE OF ACQUISITION
Source of stock number/acquisition DBAD/PUB
082 ## - DEWEY DECIMAL CLASSIFICATION NUMBER
Classification number 000
100 ## - MAIN ENTRY--PERSONAL NAME
Personal name Wiley
245 ## - TITLE STATEMENT
Title Railway recruitment boards :
Statement of responsibility, etc by Wiley
Remainder of title RRB Group-D technical & non technical exam goalpost /
260 ## - PUBLICATION, DISTRIBUTION, ETC. (IMPRINT)
Place of publication, distribution, etc New Delhi
Name of publisher, distributor, etc Willey India
Date of publication, distribution, etc 2018
270 ## - ADDRESS
Address 4436-7, Ansari Road
City Daryaganj
Postal code 110002
300 ## - PHYSICAL DESCRIPTION
Extent xv;272p.
Dimensions 27cm(pbk)
942 ## - ADDED ENTRY ELEMENTS (KOHA)
Source of classification or shelving scheme Dewey Decimal Classification
Item type English Books
Classification part 000
Call number suffix WIL
Holdings
Withdrawn status Lost status Not for loan Collection code Home library Current library Date acquired Source of acquisition Cost, normal purchase price Full call number Barcode Copy number Cost, replacement price Koha item type
      Non-fiction Sarojini Nagar Sarojini Nagar 21/11/2019 DBAD/PUB 249.00 000 WIL EN-110507 1 249.00 English Books

© Delhi Public Library
Hit Counter
free hit counter